000 00587cam a2200217 4500
008 090401t1997 xxu||||| |||| 00| 0 eng d
020 _a0415112427
035 _a(Sirsi) u82530
041 _aeng
050 _a690.03
245 _aRoutledge German dictionary of construction = Worterbuch bauwesen Deutsch-Englisch/Englisch-Deutsch.
260 _aLondon
_bRoutledge
_c1997
300 _axxviii,348p. ; 25cm.
350 _a85
650 _aBUILT ENVIRONMENT
650 _aDICTIONARIES
650 _aGERMAN
690 _aBUILT ENVIRONMENT
942 _n0
948 _c05/12/1997
999 _c96797
_d96797